00788nam a2200301Ia 4500008004100000020001800041100001900059245002900078245005100107260001500158260002000173260000900193300002600202300002700228300001100255440001800266440001200284650002300296650001500319650002000334650002000354650001600374650002200390650002200412650002200434650002200456700000800478160803s9999 xx 000 0 und d a9780590523080 aMcMullan, Kate aFluffy saves Christmas / cby Kate McMullan ; illustrated by Mavis Smith. aNew York : bScholastic Inc. c1998 a1 volume (unpaged) :  bcolor illustrations ;  c23 cm. aHello reader! vlevel 3 aChristmas stories. aDreams --  aGuinea pigs --  aSanta Claus --  aSchools --  xJuvenile fiction. xJuvenile fiction. xJuvenile fiction. xJuvenile fiction. a320